[Event "NED-chT 2223"]
[Site "Netherlands"]
[Date "2022.10.08"]
[Round "2.2"]
[White "Strating, Sybolt"]
[Black "Kollen, Zyon"]
[Result "1-0"]
[WhiteElo "2326"]
[BlackElo "2343"]
[PlyCount "133"]
[EventDate "2022.09.17"]
[EventType "team-tourn"]
[EventRounds "9"]
[EventCountry "NED"]
[SourceTitle "CBM 213 Extra"]
[Source "ChessBase"]
[SourceDate "2023.05.31"]
[SourceVersion "1"]
[SourceVersionDate "2023.05.31"]
[SourceQuality "1"]
[WhiteTeam "Amstelveen Zukertort"]
[BlackTeam "Charlois Europoort"]
[WhiteTeamCountry "NED"]
[BlackTeamCountry "NED"]

1. d4 e6 2. c4 Nf6 3. Nf3 b6 4. a3 Bb7 5. Nc3 d5 6. cxd5 Nxd5 7. Qc2 Be7 8. e4 Nxc3 9. bxc3 c5 10. Bd3 0-0 11. 0-0 Nc6 12. Bb2 cxd4 13. cxd4 Rc8 14. Qe2 Na5 15. Rad1 Qc7 16. Nd2 Bc6 17. Qg4 g6 18. d5 Bd7 19. Qf3 Ba4 20. Rc1 Qd7 21. Nc4 exd5 22. Ne5 Qd8 23. Rxc8 Qxc8 24. exd5 Qd8 25. Re1 Bf6 26. Bc3 Re8 27. Bf1 Qd6 28. Ng4 Bg7 29. Nf6+ Bxf6 30. Rxe8+ Bxe8 31. Bxf6 Ba4 32. Bc3 f6 33. Bxf6 Bb3 34. Bc3 Bxd5 35. Qe3 Nc6 36. Bb2 Kf7 37. Qc3 Qe7 38. Bb5 Qe4 39. Bf1 Qe7 40. h3 a5 41. Qd2 Qe4 42. Qh6 Qb1 43. Qxh7+ Ke6 44. Qg8+ Kd6 45. Qf8+ Kd7 46. Qg7+ Kd6 47. Qf6+ Kd7 48. Qc3 Kd6 49. Bc1 Qe4 50. Be3 Qb1 51. Bf4+ Ke6 52. f3 b5 53. Qc5 Bc4 54. Qxc6+ Kf5 55. Kh2 Kxf4 56. Bxc4 bxc4 57. Qxc4+ Kg5 58. Qc5+ Kh6 59. Qxa5 Qb8+ 60. Kg1 Qb1+ 61. Kf2 Qb2+ 62. Kg3 Qb8+ 63. f4 Qb3+ 64. Kh2 Qc4 65. Qb4 Qc7 66. Qd4 Kh7 67. a4 1-0

[Event "Maastricht Limburg op 14th"]
[Site "Maastricht"]
[Date "2022.06.05"]
[Round "5"]
[White "Strating, Sybolt"]
[Black "Ernst, Sipke"]
[Result "0-1"]
[WhiteElo "2291"]
[BlackElo "2538"]
[PlyCount "126"]
[EventDate "2022.06.03"]
[EventType "swiss"]
[EventRounds "7"]
[EventCountry "NED"]
[SourceTitle "CBM 208 Extra"]
[Source "ChessBase"]
[SourceDate "2022.07.31"]
[SourceVersion "1"]
[SourceVersionDate "2022.07.31"]
[SourceQuality "1"]

1. d4 g6 2. Nf3 Bg7 3. c4 Nf6 4. Nc3 0-0 5. g3 d6 6. Bg2 c6 7. 0-0 Bf5 8. b3 Ne4 9. Bb2 Qc8 10. Re1 Nxc3 11. Bxc3 Be4 12. Qd2 Nd7 13. Bh3 Bxf3 14. exf3 Re8 15. Re3 Qd8 16. f4 d5 17. cxd5 cxd5 18. Ba5 b6 19. Bc3 e6 20. Bf1 Nf6 21. Bb2 Ne4 22. Qd1 Rc8 23. Bd3 Nd6 24. Re2 b5 25. a4 bxa4 26. Rxa4 Qb6 27. Ba3 a5 28. Bc5 Rxc5 29. dxc5 Qxc5 30. Rc2 Bc3 31. Qc1 Rc8 32. Kg2 d4 33. f3 Qd5 34. Ra3 Rc7 35. g4 Rc5 36. Qf1 Qc6 37. Qe2 Qc7 38. Qd1 Kf8 39. h4 Ne8 40. Qc1 Nf6 41. Bc4 Bb4 42. Raa2 Qd6 43. Kg3 h5 44. g5 Ne8 45. Re2 d3 46. Re3 Ng7 47. Re4 Nf5+ 48. Kh3 d2 49. Qd1 Kg8 50. Ra1 Qd7 51. Qe2 Kh7 52. Rd1 Rc7 53. Re5 Bc3 54. Re4 Bb4 55. Re5 Qd4 56. Re4 Qc3 57. Qf2 a4 58. Be2 Bc5 59. Qf1 Ne3 60. Rxe3 Qxe3 61. bxa4 Qxf4 62. a5 Bd6 63. Qg2 Qf5+ 0-1

[Event "Hoogeveen op 21st"]
[Site "Hoogeveen"]
[Date "2017.10.27"]
[Round "8"]
[White "Strating, Sybolt"]
[Black "De Boer, Bas"]
[Result "1/2-1/2"]
[WhiteElo "2262"]
[BlackElo "2120"]
[PlyCount "67"]
[EventDate "2017.10.21"]
[EventType "swiss"]
[EventRounds "9"]
[EventCountry "NED"]
[SourceTitle "CBM 181 Extra"]
[Source "ChessBase"]
[SourceDate "2017.12.12"]
[SourceVersion "1"]
[SourceVersionDate "2017.12.12"]
[SourceQuality "1"]

1. d4 d5 2. c4 c6 3. Nc3 Nf6 4. e3 e6 5. Nf3 Nbd7 6. Qc2 Bd6 7. b3 0-0 8. Be2 e5 9. cxd5 cxd5 10. Nb5 Bb4+ 11. Bd2 Bxd2+ 12. Nxd2 a6 13. dxe5 axb5 14. exf6 Qxf6 15. 0-0 Ne5 16. Bxb5 Bf5 17. Qc5 Rfc8 18. Qd4 Rc2 19. a4 Bh3 20. f4 Qg6 21. Rf2 Nf3+ 22. Nxf3 Rxf2 23. Kxf2 Qxg2+ 24. Ke1 Qxf3 25. Kd2 Rc8 26. Be2 Qg2 27. Qd3 Bg4 28. Re1 Bf3 29. Qb5 Bxe2 30. Qxe2 Qe4 31. Qd3 Qg2+ 32. Qe2 Qe4 33. Qd3 Qg2+ 34. Qe2 1/2-1/2

[Event "Hoogeveen op 21st"]
[Site "Hoogeveen"]
[Date "2017.10.24"]
[Round "5"]
[White "Carlstedt, Jonathan"]
[Black "Strating, Sybolt"]
[Result "1-0"]
[WhiteElo "2413"]
[BlackElo "2262"]
[PlyCount "75"]
[EventDate "2017.10.21"]
[EventType "swiss"]
[EventRounds "9"]
[EventCountry "NED"]
[SourceTitle "CBM 181 Extra"]
[Source "ChessBase"]
[SourceDate "2017.12.12"]
[SourceVersion "1"]
[SourceVersionDate "2017.12.12"]
[SourceQuality "1"]

1. d4 d5 2. c4 c6 3. Nf3 Nf6 4. cxd5 cxd5 5. Nc3 Nc6 6. Bf4 Bf5 7. Rc1 e6 8. Qb3 Bd6 9. Bxd6 Qxd6 10. e3 0-0 11. Bb5 Rfc8 12. 0-0 Na5 13. Qa4 Qd8 14. Ne5 a6 15. Be2 b5 16. Qb4 Ne8 17. g4 f6 18. gxf5 fxe5 19. dxe5 Nc4 20. fxe6 Qg5+ 21. Kh1 Qxe5 22. b3 Ncd6 23. Qd4 Qxe6 24. Bf3 Ne4 25. Qxd5 Qxd5 26. Nxd5 Rxc1 27. Rxc1 N8d6 28. Kg2 Ra7 29. Bxe4 Nxe4 30. Rc8+ Kf7 31. f3 Nd6 32. Rc6 Nf5 33. e4 Nd4 34. Rd6 Ne6 35. f4 a5 36. f5 Nc5 37. e5 Ke8 38. e6 1-0

[Event "Hoogeveen op 21st"]
[Site "Hoogeveen"]
[Date "2017.10.23"]
[Round "3"]
[White "Kotyk, Michael"]
[Black "Strating, Sybolt"]
[Result "0-1"]
[WhiteElo "1921"]
[BlackElo "2262"]
[PlyCount "92"]
[EventDate "2017.10.21"]
[EventType "swiss"]
[EventRounds "9"]
[EventCountry "NED"]
[SourceTitle "CBM 181 Extra"]
[Source "ChessBase"]
[SourceDate "2017.12.12"]
[SourceVersion "1"]
[SourceVersionDate "2017.12.12"]
[SourceQuality "1"]

1. d4 d5 2. c4 c6 3. cxd5 cxd5 4. Bf4 Nc6 5. e3 Nf6 6. Nc3 a6 7. Bd3 e6 8. Rc1 Bd6 9. Bxd6 Qxd6 10. f4 Ne7 11. Nf3 Nf5 12. Qe2 Bd7 13. Ne5 h5 14. Bxf5 exf5 15. 0-0 0-0 16. Qf3 g6 17. Qg3 Kg7 18. h3 Rac8 19. Qg5 Rh8 20. Qg3 Rc7 21. Rc2 Rhc8 22. Rfc1 Ba4 23. b3 Be8 24. Qf2 Qb4 25. Nd3 Qe7 26. Ne5 Qa3 27. Kh2 Qa5 28. Na4 Ne4 29. Rxc7 Rxc7 30. Qb2 Bxa4 31. bxa4 Nd6 32. Qa3 Rxc1 33. Qxd6 Qc7 34. Qxd5 Rc2 35. Kg3 Qe7 36. Qb3 Rc7 37. Nf3 Rc8 38. h4 f6 39. d5 Kh6 40. Nd4 Qe4 41. Qxb7 Qxe3+ 42. Nf3 Rc2 43. Kh3 Qf2 44. Ne1 Qxe1 45. Qb3 Qh1+ 46. Kg3 Qxg2# 0-1

[Event "Hoogeveen Unive op 20th"]
[Site "Hoogeveen"]
[Date "2016.10.21"]
[Round "8"]
[White "Eck, Mathias"]
[Black "Strating, Sybolt"]
[Result "0-1"]
[WhiteElo "2082"]
[BlackElo "2276"]
[PlyCount "76"]
[EventDate "2016.10.15"]
[EventType "swiss"]
[EventRounds "9"]
[EventCountry "NED"]
[SourceTitle "EXT 2017"]
[Source "ChessBase"]
[SourceDate "2016.10.25"]
[SourceVersion "1"]
[SourceVersionDate "2016.10.25"]
[SourceQuality "1"]

1. c4 c6 2. Nf3 d5 3. e3 Nf6 4. Nc3 a6 5. d4 Bf5 6. Nh4 Bg4 7. Qb3 Bc8 8. Nf3 e6 9. Bd3 dxc4 10. Bxc4 b5 11. Be2 c5 12. dxc5 Bxc5 13. 0-0 Nbd7 14. Rd1 Qb6 15. a4 b4 16. a5 Qc7 17. Nb1 0-0 18. Nbd2 Bb7 19. Qa2 Rfd8 20. Nb3 Bd5 21. Qa4 Be7 22. Bd2 Qb7 23. Rac1 Ne4 24. Be1 Rab8 25. Bc4 Bc6 26. Qa1 Nd6 27. Nbd4 Be4 28. Bd3 Bd5 29. Qb1 g6 30. Ne2 Bxf3 31. gxf3 Qxf3 32. Nd4 Qg4+ 33. Kh1 Bf6 34. Be2 Qh3 35. Nc6 Ne5 36. Bxb4 Nf3 37. Bxf3 Qxf3+ 38. Kg1 Rb5 0-1

[Event "Hoogeveen Unive op 20th"]
[Site "Hoogeveen"]
[Date "2016.10.19"]
[Round "6"]
[White "Ten Hertog, Hugo"]
[Black "Strating, Sybolt"]
[Result "1-0"]
[WhiteElo "2468"]
[BlackElo "2276"]
[PlyCount "65"]
[EventDate "2016.10.15"]
[EventType "swiss"]
[EventRounds "9"]
[EventCountry "NED"]
[SourceTitle "EXT 2017"]
[Source "ChessBase"]
[SourceDate "2016.10.25"]
[SourceVersion "1"]
[SourceVersionDate "2016.10.25"]
[SourceQuality "1"]

1. c4 c6 2. g3 d5 3. Bg2 Nf6 4. Qc2 g6 5. Nf3 Bg7 6. 0-0 0-0 7. d3 Re8 8. e4 dxe4 9. dxe4 Qc7 10. h3 Nbd7 11. Nc3 e5 12. Be3 Bf8 13. a3 a5 14. Nd2 b6 15. Nb3 a4 16. Nc1 Qa7 17. Nd3 Qa6 18. Ne2 Nc5 19. Nb4 Qb7 20. Rae1 Nh5 21. Kh2 Qc7 22. f4 Nb3 23. fxe5 Rxe5 24. Nf4 Bd7 25. Qf2 Be6 26. Bxb6 Qb7 27. Nxe6 Rxe6 28. e5 Rae8 29. g4 Nf6 30. Nxc6 Rxc6 31. Bxc6 Qxc6 32. Qxf6 Qxc4 33. Rf4 1-0

[Event "NED-chT Cup"]
[Site "Wageningen"]
[Date "2016.05.05"]
[Round "2.2"]
[White "Hoeksema, Hendrik Pieter"]
[Black "Strating, Sybolt"]
[Result "1/2-1/2"]
[WhiteElo "2333"]
[BlackElo "2271"]
[PlyCount "80"]
[EventDate "2016.05.05"]
[EventType "team-k.o."]
[EventRounds "2"]
[EventCountry "NED"]
[SourceTitle "CBM 172 Extra"]
[Source "ChessBase"]
[SourceDate "2016.06.21"]
[SourceVersion "1"]
[SourceVersionDate "2016.06.21"]
[SourceQuality "1"]
[WhiteTeam "Groningen Combinatie"]
[BlackTeam "Amstelveen Zukertort"]
[WhiteTeamCountry "NED"]
[BlackTeamCountry "NED"]

1. d4 d5 2. c4 c6 3. e3 Nf6 4. Nc3 a6 5. Nf3 Bf5 6. Nh4 Bg6 7. Nxg6 hxg6 8. Qb3 Ra7 9. Bd2 e6 10. g3 Bd6 11. Bg2 b5 12. c5 Be7 13. 0-0 a5 14. Qc2 0-0 15. Rad1 Nbd7 16. f4 Ne8 17. g4 g5 18. Be1 g6 19. Bg3 f5 20. h3 gxf4 21. Bxf4 Ndf6 22. Ne2 Ne4 23. Bh6 Rf7 24. Bxe4 dxe4 25. Nf4 Kh7 26. gxf5 Kxh6 27. fxg6 Rxf4 28. Rxf4 Bg5 29. Rxe4 Nf6 30. Rxe6 Qd5 31. Re5 Qf3 32. Rd3 Qxh3 33. Qg2 Qh4 34. Re6 Ng4 35. g7+ Kxg7 36. Rd1 Rf7 37. Rf1 Rxf1+ 38. Kxf1 Kf7 39. Re4 Nxe3+ 40. Rxe3 Bf4 1/2-1/2

[Event "Haarlem Nova College op-A 13th"]
[Site "Haarlem"]
[Date "2015.06.27"]
[Round "3"]
[White "Haslinger, Stewart"]
[Black "Strating, Sybolt"]
[Result "1-0"]
[WhiteElo "2526"]
[BlackElo "2304"]
[PlyCount "103"]
[EventDate "2015.06.26"]
[EventType "swiss"]
[EventRounds "6"]
[EventCountry "NED"]
[SourceTitle "CBM 167 Extra"]
[Source "ChessBase"]
[SourceDate "2015.09.14"]
[SourceVersion "1"]
[SourceVersionDate "2015.09.14"]
[SourceQuality "1"]

1. e4 c6 2. d4 d5 3. e5 Bf5 4. Nf3 e6 5. Be2 Nd7 6. 0-0 Ne7 7. Nbd2 Nc8 8. Nb3 Ncb6 9. Bd2 Be7 10. a4 0-0 11. Bc3 Rc8 12. a5 Na8 13. Qd2 f6 14. exf6 Bxf6 15. Bb4 Rf7 16. Bd6 Nc7 17. Bf4 c5 18. Nxc5 Nxc5 19. dxc5 Ne8 20. Ne5 Bxe5 21. Bxe5 Rxc5 22. c4 a6 23. Rfd1 Rd7 24. b4 Rc8 25. cxd5 Rxd5 26. Qe3 Nf6 27. Bf3 Rd7 28. Bxf6 Qxf6 29. g4 Rc3 30. Qf4 Bd3 31. Qxf6 gxf6 32. Rac1 Rxc1 33. Rxc1 Bb5 34. Rc8+ Kg7 35. Rb8 Rd4 36. Rxb7+ Kg6 37. Rxb5 axb5 38. a6 Rd7 39. Bc6 Rd1+ 40. Kg2 Ra1 41. Bxb5 Kf7 42. Bd3 Ke7 43. b5 Kd6 44. Bxh7 Kc5 45. Bd3 Kb6 46. h4 Ra3 47. Be2 Rc3 48. h5 Rc2 49. h6 Rc8 50. f4 Rh8 51. g5 Rg8 52. h7 1-0

[Event "Amsterdam Science Park op-A"]
[Site "Amsterdam"]
[Date "2014.07.13"]
[Round "9"]
[White "Strating, Sybolt"]
[Black "Vereggen, Lars"]
[Result "1/2-1/2"]
[WhiteElo "2266"]
[BlackElo "2189"]
[PlyCount "66"]
[EventDate "2014.07.05"]
[EventType "swiss"]
[EventRounds "9"]
[EventCountry "NED"]
[SourceTitle "CBM 161 Extra"]
[Source "ChessBase"]
[SourceDate "2014.08.29"]
[SourceVersion "1"]
[SourceVersionDate "2014.08.29"]
[SourceQuality "1"]

1. d4 Nf6 2. c4 e6 3. Nf3 d5 4. Nc3 Be7 5. Bf4 c6 6. e3 Nbd7 7. h3 0-0 8. Qc2 Nb6 9. c5 Nbd7 10. b4 b6 11. Be2 a5 12. b5 Bb7 13. cxb6 Nxb6 14. bxc6 Bxc6 15. Ne5 Rc8 16. 0-0 Bb4 17. Rfc1 Be8 18. Qb3 Nfd7 19. a3 Nxe5 20. axb4 a4 21. Qb1 Nec4 22. b5 Nd2 23. Qb4 Nb3 24. Bd6 Nxc1 25. Rxc1 Bd7 26. Bxf8 Qxf8 27. Qxf8+ Kxf8 28. Kf1 Ke7 29. Ke1 Kd6 30. Kd2 Nc4+ 31. Bxc4 Rxc4 32. Ra1 Rb4 33. Kc2 Bxb5 1/2-1/2

[Event "Amsterdam Science Park op-A 3rd"]
[Site "Amsterdam"]
[Date "2013.07.14"]
[Round "8"]
[White "Strating, Sybolt"]
[Black "Afek, Yochanan"]
[Result "0-1"]
[WhiteElo "2258"]
[BlackElo "2313"]
[PlyCount "110"]
[EventDate "2013.07.06"]
[EventType "swiss"]
[EventRounds "9"]
[EventCountry "NED"]
[SourceTitle "CBM 155 Extra"]
[Source "ChessBase"]
[SourceDate "2013.08.26"]
[SourceVersion "1"]
[SourceVersionDate "2013.08.26"]
[SourceQuality "1"]

1. c4 c5 2. Nf3 Nf6 3. Nc3 g6 4. d4 cxd4 5. Nxd4 Bg7 6. e4 Nc6 7. Be3 0-0 8. Be2 d6 9. 0-0 Bd7 10. Qd2 Nxd4 11. Bxd4 a5 12. b3 Bc6 13. f3 Nd7 14. Be3 Nc5 15. Rab1 Qb6 16. Rfc1 Rfc8 17. Rc2 Qd8 18. Bf1 h5 19. a3 Kh7 20. b4 axb4 21. axb4 Na4 22. Ne2 Nb6 23. Nd4 Ba4 24. Rcc1 Be8 25. Nb3 Nd7 26. h3 Ra3 27. Qf2 Rca8 28. Na5 Qc7 29. Rc2 Ne5 30. Bb6 Qb8 31. Rd2 Bh6 32. Rdd1 Ra6 33. Kh1 Ba4 34. Rd5 e6 35. Rxe5 dxe5 36. c5 Rxb6 37. cxb6 Rc3 38. Qa2 Be8 39. Nb3 Qd8 40. Nc5 Bc6 41. Na4 Bxa4 42. Qxa4 Qxb6 43. Qb5 Qc7 44. Rd1 Rc6 45. Qd3 Bf4 46. b5 Rc3 47. Qe2 Kg7 48. Qf2 Rc2 49. Qe1 Qc5 50. Bd3 Rb2 51. Rb1 Rd2 52. Rd1 Ra2 53. Ra1 Rf2 54. Be2 Bg3 55. Qd1 Rxg2 0-1

[Event "Amsterdam Science Park op-A 3rd"]
[Site "Amsterdam"]
[Date "2013.07.09"]
[Round "4"]
[White "Strating, Sybolt"]
[Black "Vos, Tjark"]
[Result "1-0"]
[WhiteElo "2258"]
[BlackElo "2034"]
[PlyCount "97"]
[EventDate "2013.07.06"]
[EventType "swiss"]
[EventRounds "9"]
[EventCountry "NED"]
[SourceTitle "CBM 155 Extra"]
[Source "ChessBase"]
[SourceDate "2013.08.26"]
[SourceVersion "1"]
[SourceVersionDate "2013.08.26"]
[SourceQuality "1"]

1. d4 Nf6 2. c4 g6 3. Nf3 Bg7 4. g3 c6 5. Bg2 d5 6. 0-0 0-0 7. Nc3 Nbd7 8. cxd5 cxd5 9. Bf4 a6 10. Rc1 e6 11. Qb3 Qe7 12. a4 Nb8 13. Rfd1 Nc6 14. Ne5 Nxe5 15. Bxe5 Nd7 16. Bxg7 Kxg7 17. e4 dxe4 18. Nxe4 Rb8 19. Rc7 b5 20. axb5 Rxb5 21. Qc3 Bb7 22. Nc5 Bc8 23. Nxd7 Bxd7 24. Bc6 Rd5 25. Bxd5 exd5 26. Re1 Qd8 27. Re5 Bf5 28. f3 h5 29. b4 Re8 30. Rxe8 Qxe8 31. Kf2 Qa4 32. Qd2 Qa1 33. Rc1 Qa4 34. Kg2 Qd7 35. Qe1 Bh3+ 36. Kf2 Kh7 37. Qe5 Qb5 38. Qe1 Qd3 39. Qe3 Qb5 40. Qd2 Kg7 41. Rg1 Bf5 42. Qc3 Qd7 43. Re1 Bh3 44. Re2 Bf5 45. Ra2 Qb5 46. Ra5 Qb7 47. Kg2 Bd7 48. Rc5 Bb5 49. Qe1 1-0

[Event "Haarlem Nova College op 11th"]
[Site "Haarlem"]
[Date "2012.07.08"]
[Round "6"]
[White "Strating, Sybolt"]
[Black "Castaneda, Georgui"]
[Result "0-1"]
[WhiteElo "2268"]
[BlackElo "2518"]
[PlyCount "76"]
[EventDate "2012.07.06"]
[EventType "swiss"]
[EventRounds "6"]
[EventCountry "NED"]
[SourceTitle "CBM 149 Extra"]
[Source "ChessBase"]
[SourceDate "2012.08.24"]
[SourceVersion "1"]
[SourceVersionDate "2012.08.24"]
[SourceQuality "1"]

1. d4 d6 2. c4 e5 3. Nf3 e4 4. Ng5 f5 5. Nc3 c6 6. d5 Be7 7. Nh3 Nf6 8. g3 Nbd7 9. Bg2 Nb6 10. b3 cxd5 11. cxd5 Nbxd5 12. Nxd5 Qa5+ 13. Bd2 Qxd5 14. Rc1 0-0 15. 0-0 Bd7 16. Nf4 Qf7 17. Bb4 Bc6 18. Qd4 g5 19. Nh3 Nd5 20. Ba3 Nc7 21. Bb2 Qg6 22. f3 Bf6 23. Qc4+ d5 24. Qc2 Ne6 25. fxe4 fxe4 26. e3 Rad8 27. Rxf6 Rxf6 28. Bxf6 Qxf6 29. Nf2 h5 30. Bf1 Rf8 31. b4 a6 32. Qd2 g4 33. h4 Qe5 34. Nh1 d4 35. Bxa6 dxe3 36. Qxe3 Rf3 37. Qh6 Qd4+ 38. Kh2 Rf6 0-1

[Event "Haarlem BDO-B"]
[Site "Haarlem"]
[Date "2009.08.23"]
[Round "9"]
[White "Strating, Sybolt"]
[Black "Stets, Dmitry"]
[Result "1/2-1/2"]
[WhiteElo "2340"]
[BlackElo "2427"]
[PlyCount "120"]
[EventDate "2009.08.15"]
[EventType "tourn"]
[EventRounds "9"]
[EventCountry "NED"]
[EventCategory "4"]
[SourceTitle "CBM 131 Extra"]
[Source "ChessBase"]
[SourceDate "2009.09.03"]
[SourceVersion "2"]
[SourceVersionDate "2009.09.16"]
[SourceQuality "1"]

1. d4 Nf6 2. c4 g6 3. Nc3 Bg7 4. e4 d6 5. f4 c5 6. d5 0-0 7. Nf3 a6 8. a4 e6 9. Be2 exd5 10. cxd5 Bg4 11. 0-0 Nbd7 12. Re1 Re8 13. h3 Bxf3 14. Bxf3 Rc8 15. Kh1 h5 16. Be3 Nh7 17. Re2 Qa5 18. Bd2 Qd8 19. g4 hxg4 20. hxg4 g5 21. e5 gxf4 22. e6 Ne5 23. Rh2 Ng5 24. Be4 Qf6 25. Qe2 fxe6 26. dxe6 Nxe4 27. Qxe4 Qxe6 28. Bxf4 Ng6 29. Qxe6+ Rxe6 30. Bg3 Ne5 31. g5 Nf3 32. Rh5 Be5 33. Kg2 Rf8 34. Rah1 Bd4 35. Rh6 Nxg5 36. R1h5 Rxh6 37. Rxh6 Nf7 38. Rg6+ Kh7 39. Re6 Rg8 40. Kh2 Rg7 41. a5 c4 42. Bf4 Rg4 43. Nd5 Bxb2 44. Re7 Kg6 45. Rxb7 Be5 46. Bxe5 Nxe5 47. Rb6 Rd4 48. Rxd6+ Kg5 49. Kg2 Rd3 50. Kf2 Ng4+ 51. Ke2 Kf5 52. Ne7+ Ke4 53. Rxa6 Ra3 54. Kd2 Ne5 55. Re6 c3+ 56. Kc2 Kd4 57. Nc6+ Nxc6 58. Rxc6 Ra2+ 59. Kc1 Rxa5 60. Rc8 Kd3 1/2-1/2

[Event "Haarlem BDO-B"]
[Site "Haarlem"]
[Date "2009.08.15"]
[Round "1"]
[White "De Jager, Jaap"]
[Black "Strating, Sybolt"]
[Result "0-1"]
[WhiteElo "2358"]
[BlackElo "2340"]
[PlyCount "80"]
[EventDate "2009.08.15"]
[EventType "tourn"]
[EventRounds "9"]
[EventCountry "NED"]
[EventCategory "4"]
[SourceTitle "CBM 131 Extra"]
[Source "ChessBase"]
[SourceDate "2009.09.03"]
[SourceVersion "2"]
[SourceVersionDate "2009.09.16"]
[SourceQuality "1"]

1. c4 c5 2. g3 Nc6 3. Bg2 g6 4. Nc3 Bg7 5. a3 d6 6. Rb1 a5 7. Nf3 Nf6 8. 0-0 0-0 9. Ne1 Bf5 10. d3 Qd7 11. Nc2 Bh3 12. e4 Bxg2 13. Kxg2 e6 14. Bg5 Ne8 15. Qd2 f5 16. f3 Ne5 17. h3 Nc7 18. Be3 b5 19. f4 Nf7 20. cxb5 Nxb5 21. Kh2 Nxc3 22. bxc3 fxe4 23. dxe4 Qc6 24. Rfe1 Rab8 25. e5 dxe5 26. Qg2 e4 27. c4 Nd6 28. Qf2 Rxb1 29. Rxb1 Rc8 30. Qe2 Nf5 31. Qf2 Qd6 32. Rb5 Nd4 33. Rxa5 Rb8 34. Bxd4 cxd4 35. Nb4 d3 36. c5 Qd4 37. Qa2 Re8 38. Nc6 Qb2+ 39. Qxb2 Bxb2 40. Ra7 e3 0-1

[Event "Hoogeveen Essent op"]
[Site "Hoogeveen"]
[Date "2008.10.21"]
[Round "5"]
[White "Haslinger, Stewart"]
[Black "Strating, Sybolt"]
[Result "1-0"]
[WhiteElo "2506"]
[BlackElo "2335"]
[PlyCount "51"]
[EventDate "2008.10.17"]
[EventType "swiss"]
[EventRounds "9"]
[EventCountry "NED"]
[SourceTitle "CBM 126 Extra"]
[Source "ChessBase"]
[SourceDate "2008.11.05"]
[SourceVersion "1"]
[SourceVersionDate "2008.11.05"]
[SourceQuality "1"]

1. e4 c6 2. d4 d5 3. e5 Bf5 4. Nf3 e6 5. Be2 c5 6. Be3 Nd7 7. 0-0 Ne7 8. c4 dxc4 9. Na3 Nd5 10. Nxc4 b5 11. Bg5 Qb8 12. Ne3 h6 13. Bh4 Nxe3 14. fxe3 a6 15. a4 b4 16. Nd2 g5 17. Bg3 Qa7 18. Nc4 Be7 19. d5 0-0 20. Rxf5 exf5 21. Qd3 Nb6 22. Qxf5 Kg7 23. d6 Bd8 24. Bd3 Rh8 25. Nxb6 Qxb6 26. e6 1-0

[Event "Hoogeveen Essent op"]
[Site "Hoogeveen"]
[Date "2008.10.19"]
[Round "3"]
[White "Ulybin, Mikhail"]
[Black "Strating, Sybolt"]
[Result "1/2-1/2"]
[WhiteElo "2521"]
[BlackElo "2335"]
[PlyCount "102"]
[EventDate "2008.10.17"]
[EventType "swiss"]
[EventRounds "9"]
[EventCountry "NED"]
[SourceTitle "CBM 126 Extra"]
[Source "ChessBase"]
[SourceDate "2008.11.05"]
[SourceVersion "1"]
[SourceVersionDate "2008.11.05"]
[SourceQuality "1"]

1. d4 d5 2. c4 c6 3. Nf3 Nf6 4. Nc3 dxc4 5. a4 Bf5 6. e3 e6 7. Bxc4 Bb4 8. 0-0 Nbd7 9. Nh4 Bg6 10. Be2 0-0 11. Nxg6 hxg6 12. Qc2 Qe7 13. a5 a6 14. Ra4 Bd6 15. e4 e5 16. dxe5 Bxe5 17. f4 Bb8 18. e5 Ba7+ 19. Kh1 Nd5 20. Nxd5 cxd5 21. b4 Rac8 22. Qd3 Rfd8 23. Bd2 Nf8 24. Ra3 Ne6 25. Qb1 Nd4 26. Bd3 Nb5 27. Bxb5 axb5 28. Rh3 Rc4 29. f5 Re4 30. e6 gxf5 31. exf7+ Qxf7 32. Qd3 g6 33. Qxb5 Bd4 34. Qd3 Bg7 35. Rg3 Qe6 36. Qb3 Kf7 37. h3 d4 38. Qxe6+ Rxe6 39. Rd3 Rc8 40. Rb1 Re2 41. b5 Rc2 42. Bf4 g5 43. Bxg5 Be5 44. Rg1 Rb2 45. a6 Rxb5 46. axb7 Rxb7 47. Rgd1 Ke6 48. Kg1 f4 49. Rf3 Rbb2 50. Bxf4 Rxg2+ 51. Kf1 Bxf4 1/2-1/2

[Event "Hoogeveen Essent op"]
[Site "Hoogeveen"]
[Date "2008.10.17"]
[Round "1"]
[White "Ducarmon, Quinten"]
[Black "Strating, Sybolt"]
[Result "1/2-1/2"]
[WhiteElo "2082"]
[BlackElo "2335"]
[PlyCount "85"]
[EventDate "2008.10.17"]
[EventType "swiss"]
[EventRounds "9"]
[EventCountry "NED"]
[SourceTitle "CBM 126 Extra"]
[Source "ChessBase"]
[SourceDate "2008.11.05"]
[SourceVersion "1"]
[SourceVersionDate "2008.11.05"]
[SourceQuality "1"]

1. e4 c6 2. d4 d5 3. exd5 cxd5 4. c4 Nf6 5. Nc3 e6 6. Nf3 Bb4 7. Bd3 0-0 8. 0-0 dxc4 9. Bxc4 a6 10. a3 Bxc3 11. bxc3 Qc7 12. Qd3 b5 13. Bb3 Nbd7 14. a4 Bb7 15. Bg5 Rac8 16. Rac1 Qd6 17. axb5 axb5 18. Rfe1 b4 19. Ne5 Nxe5 20. Rxe5 Nd7 21. Re3 Rxc3 22. Rxc3 bxc3 23. Qxc3 Rc8 24. Qd2 Bd5 25. Bd1 f6 26. Bh4 Qc6 27. f3 Nb6 28. Qe1 Qc1 29. Bf2 Qa1 30. Qd2 Rc1 31. Re1 Nc4 32. Qe2 Nd6 33. Qd2 Nc4 34. Qe2 h6 35. Bb3 Rb1 36. Bxc4 Bxc4 37. Rxb1 Qxb1+ 38. Qe1 Qd3 39. Be3 Kh7 40. Bf2 f5 41. Qa1 f4 42. Qe1 Bd5 43. Qf1 1/2-1/2

[Event "NED-chT 0607"]
[Site "Netherlands"]
[Date "2007.03.24"]
[Round "7.1"]
[White "Strating, Sybolt"]
[Black "Berkvens, Joost"]
[Result "1-0"]
[WhiteElo "2279"]
[BlackElo "2458"]
[PlyCount "101"]
[EventDate "2006.09.23"]
[EventType "team-tourn"]
[EventRounds "9"]
[EventCountry "NED"]
[SourceTitle "EXT 2008"]
[Source "ChessBase"]
[SourceDate "2007.11.25"]
[SourceVersion "1"]
[SourceVersionDate "2007.11.25"]
[SourceQuality "1"]
[WhiteTeam "Amstelveen"]
[BlackTeam "Utrecht"]
[WhiteTeamCountry "NED"]
[BlackTeamCountry "NED"]

1. d4 Nf6 2. c4 e6 3. Nf3 c5 4. d5 b5 5. dxe6 fxe6 6. cxb5 Bb7 7. e3 d5 8. b3 Bd6 9. Bb2 0-0 10. Nbd2 Nbd7 11. Qc2 Qe7 12. Bd3 e5 13. e4 c4 14. bxc4 dxe4 15. Nxe4 Bb4+ 16. Kf1 Nc5 17. Nxc5 Qxc5 18. Bxe5 Bxf3 19. Bxf6 Bxg2+ 20. Kxg2 Rxf6 21. h4 Raf8 22. Raf1 Qh5 23. Rh3 Rf4 24. Qe2 Qh6 25. Be4 Bc5 26. f3 Qh5 27. Qd3 Kh8 28. Qd5 Rg4+ 29. Kh1 Qe8 30. Rd1 Rgf4 31. Kg2 Qe7 32. Rd2 Bb4 33. Re2 Rxh4 34. Rxh4 Qxh4 35. c5 Be1 36. Rxe1 Qxe1 37. Qh5 Qd2+ 38. Kh3 Qd7+ 39. Kg2 g6 40. Qe5+ Qg7 41. Qxg7+ Kxg7 42. a4 Kf6 43. a5 Rc8 44. b6 Rxc5 45. bxa7 Rxa5 46. a8Q Rxa8 47. Bxa8 g5 48. Kg3 Ke5 49. Kg4 h6 50. Be4 Kd4 51. Bh7 1-0